KOHA-Header-6

The Historic Judgement On interest Delivered In The Supereme Court of Pakistan (Record no. 9823)

000 -LEADER
fixed length control field 00325nam a2200109Ia 4500
100 ## - MAIN ENTRY--AUTHOR NAME
Personal name Muhammad Taqi Usmani
245 #4 - TITLE STATEMENT
Title The Historic Judgement On interest Delivered In The Supereme Court of Pakistan
260 ## - PUBLICATION, DISTRIBUTION, ETC. (IMPRINT)
Place of publication Karachi
Name of publisher Idaratul-,Marif
Year of publication 2003
300 ## - PHYSICAL DESCRIPTION
Number of Pages 242
942 ## - ADDED ENTRY ELEMENTS (KOHA)
Koha item type Books
Holdings
Withdrawn status Lost status Collection code Permanent Location Current Location Shelving location Date acquired Full call number Accession Number Koha item type
    Banking MAJU MAJU Shelf No.A45 2019-09-14 505.75 5811 Banking

Powered by Koha